000 02689cam a2200493 a 4500
999 _c27241
_d27241
006 m o d
007 cr cn||||a||||
008 090320s1977 ne a ob 001 0 eng d
020 _a9780444415523
020 _a0444415521
020 _a9780080870540
_q(electronic bk.)
020 _a0080870546
_q(electronic bk.)
020 _a9786611772352
_q(electronic bk.)
020 _a6611772359
020 _a1281772356
020 _a9781281772350
040 _aOPELS
_beng
_epn
042 _adlr
072 7 _aSCI
_x052000
_2bisacsh
072 7 _aNAT
_x025000
_2bisacsh
082 0 4 _a551.4/601
_222
100 1 _aCaruthers, Jerald W.
245 1 0 _aFundamentals of marine acoustics /
_cby Jerald W. Caruthers.
260 _aAmsterdam ;
_aNew York :
_bElsevier Scientific Pub. Co. ;
_aNew York :
_bDistributors for the U.S. and Canada, Elsevier North-Holland,
_c1977.
300 _a1 online resource (ix, 153 pages) :
_billustrations
490 1 _aElsevier oceanography series ;
_v18
504 _aIncludes bibliographical references (page 139) and index.
505 0 _aFront Cover; Fundamentals of Marine Acoustics; Preface; Contents; Chapter 1. Introduction; Chapter 2. Electroacoustic and chemical transduction; Chapter 3. Hydrophones, projectors, and calibration; Chapter 4. Phased arrays; Chapter 5. Sonar equations and parameters; Chapter 6. Theory of sound propagation; Chapter 7. Sound propagation in the sea; Chapter 8. Reverberation; Chapter 9. Noise; Chapter 10. Sonar signal processing; General reference books; Solutions for selected problems; Index.
506 _3Use copy
_fRestrictions unspecified
_2star
_5MiAaHDL
520 _aFundamentals of Marine Acoustics.
533 _aElectronic reproduction.
_b[Place of publication not identified] :
_cHathiTrust Digital Library,
_d2010.
546 _aEnglish.
583 1 _adigitized
_c2010
_hHathiTrust Digital Library
_lcommitted to preserve
_2pda
_5MiAaHDL
650 0 _aUnderwater acoustics.
650 6 _aAcoustique sous-marine.
650 7 _aSCIENCE
_xEarth Sciences
_xOceanography.
_2bisacsh
650 7 _aNATURE
_xEcosystems & Habitats
_xOceans & Seas.
_2bisacsh
650 7 _aUnderwater acoustics.
_2fast
776 0 8 _iPrint version:
_aCaruthers, Jerald W.
_tFundamentals of marine acoustics.
_dAmsterdam ; New York : Elsevier Scientific Pub. Co. ; New York : Distributors for the U.S. and Canada, Elsevier North-Holland, 1977
_z0444415521
_z9780444415523
_w(DLC) 77004044
_w(OCoLC)2875500
830 0 _aElsevier oceanography series ;
_v18.
856 4 0 _uhttps://www.sciencedirect.com/science/book/9780444415523
856 4 0 _uhttps://www.sciencedirect.com/science/bookseries/04229894/18
942 _cEBK